00566cam a22001697a 4500008004000000082001300040245010100053260002800154300001000182650001700192650002700209650001700236700001800253700002200271999001900293952008400312180718b1980 xxu||||| |||| 00| 0 eng d aC41 P764 aHuman rights: cultural and ideological perspectivescedited by Adamantia Pollis and Peter Schwab aNew YorkbPraegerc1980 a165p. aHuman rights aComparative government aCivil rights aSchwab, Peter aPollis, Adamantia c351367d351367 00104070aIIPAbIIPAd1993-11-15oC41 P764p57792r2018-07-21w2018-07-21yBK